| 000 | 00936 a2200205 4500 | ||
|---|---|---|---|
| 001 | 25186 | ||
| 005 | 20260407155535.0 | ||
| 008 | 260407a1943 arg spa d | ||
| 003 | AR-UNSa-BCEJYS | ||
| 040 |
_aAR-UNSa-BCEJYS _bspa _cAR-UNSa-BCEJYS |
||
| 080 |
_a519.2 _xProbabilidades y estadística matemática |
||
| 245 | 1 | 0 | _aEstadística |
| 264 | 1 |
_aMadrid : _bRevista de Occidente _c1943 |
|
| 300 |
_a214 p. _c18 cm. |
||
| 505 | _a1. Introducción - 2. La materia prima - 3. Ordenación y presentación de los datos - 4. Algunas tablas y diagramas importantes - 5. La expresión en números - 6. Las muestras - 7. Cómo se tiene en cuenta la suerte - 8. Las leyes estadísticas - 9. El razonamiento estadístico - 10. La estadística y los negocios - 11. La estadística y las demás ciencias | ||
| 942 | _cBK | ||
| 590 | _aniveau_biblio:m niveau_hierar:0 | ||
| 100 | 1 | _aTippett, L.H.C. | |
| 700 | 1 | _aAnós y Díaz de Arcaya, Angel | |
| 999 |
_c1297 _d1297 |
||